<?xml version="1.0" encoding="UTF-8"?>
<record
    xmlns:xsi="http://www.w3.org/2001/XMLSchema-instance"
    xsi:schemaLocation="http://www.loc.gov/MARC21/slim http://www.loc.gov/standards/marcxml/schema/MARC21slim.xsd"
    xmlns="http://www.loc.gov/MARC21/slim">

  <leader>01006cam a2200217   4500</leader>
  <controlfield tag="001">sa 68014659 </controlfield>
  <controlfield tag="003">DLC</controlfield>
  <controlfield tag="005">20260227112633.0</controlfield>
  <controlfield tag="008">700211s1967    ii a     b   f00010 eng  </controlfield>
  <datafield tag="010" ind1=" " ind2=" ">
    <subfield code="a">sa 68014659 //r85</subfield>
  </datafield>
  <datafield tag="025" ind1=" " ind2=" ">
    <subfield code="a">PL480:I-E-9015</subfield>
  </datafield>
  <datafield tag="050" ind1="0" ind2=" ">
    <subfield code="a">LC5225.R4</subfield>
    <subfield code="b">A35</subfield>
  </datafield>
  <datafield tag="082" ind1=" " ind2=" ">
    <subfield code="a">428.4/071/5</subfield>
  </datafield>
  <datafield tag="100" ind1="1" ind2="0">
    <subfield code="a">Ahmed, Mushtaq,</subfield>
    <subfield code="d">1919-</subfield>
  </datafield>
  <datafield tag="245" ind1="1" ind2="0">
    <subfield code="a">Teaching adults to read and write;</subfield>
    <subfield code="b">a guide book for literacy teacher,</subfield>
    <subfield code="c">by Mushtaq Ahmad.</subfield>
  </datafield>
  <datafield tag="260" ind1="0" ind2=" ">
    <subfield code="a">New Delhi,</subfield>
    <subfield code="b">Ministry of Education, Govt. of India</subfield>
    <subfield code="c">[1967]</subfield>
  </datafield>
  <datafield tag="300" ind1=" " ind2=" ">
    <subfield code="a">112 p.</subfield>
    <subfield code="b">illus.</subfield>
    <subfield code="c">22 cm.</subfield>
  </datafield>
  <datafield tag="350" ind1=" " ind2=" ">
    <subfield code="a">2.00</subfield>
    <subfield code="a">($0.72)</subfield>
  </datafield>
  <datafield tag="500" ind1=" " ind2=" ">
    <subfield code="a">Annexures.--Survey form.--List of selected books for display and reading during stage I.--Some posters and their suggested captions.--Examples of writing on the wall.--List of supplementary books for different stages.--List of periodicals.--List of equipment.--Admission form.--A selected bibliography of materials for literacy teaching and allied problems.</subfield>
  </datafield>
  <datafield tag="650" ind1=" " ind2="0">
    <subfield code="a">Reading (Adult education)</subfield>
  </datafield>
  <datafield tag="999" ind1=" " ind2=" ">
    <subfield code="c">85939</subfield>
    <subfield code="d">85939</subfield>
  </datafield>
</record>
